Un caso de otro mundo /

Harold Mallory, además de esposo y padre feliz, es un exitoso detective, especialista en hallar personas perdidas. Personas...no seres de otros mundos que susurran extraños mensajes sin dejarse ver. Ese será el desafío más grande de su carrera, encarnado en la presencia de José, un jovencito de aspe...

Descripción completa

Guardado en:
Autor Principal: Rice, Allan P.
Formato: Libro
Idioma:Spanish
Publicado: Buenos Aires : Genios, 1999.
Series:Suspenso a la medianoche ; 7
Materias:
Etiquetas: Agregar Etiqueta
Sin Etiquetas, Sea el primero en etiquetar este registro!
LEADER 01191nam a22002175a 4500
001 CEM.cems024290
008 240828s1999####ag############000#0#spa#d
005 20240828182040.0
245 1 0 |a Un caso de otro mundo /  |c Allan P. Rice. 
260 |a Buenos Aires :  |b Genios,  |c 1999. 
300 |a 64 p. 
490 1 |a Suspenso a la medianoche ;  |v 7 
520 |a Harold Mallory, además de esposo y padre feliz, es un exitoso detective, especialista en hallar personas perdidas. Personas...no seres de otros mundos que susurran extraños mensajes sin dejarse ver. Ese será el desafío más grande de su carrera, encarnado en la presencia de José, un jovencito de aspecto angelical cuyo cuerpo es capaz de proyectar las sombras más monstruosas. Desde el momento en que José traspone el umbral de la oficina del detective, su existencia y la de su familia se convertirán en una verdadera pesadilla, de imprevisible final. 
020 |a 9507820523 
100 1 |a Rice, Allan P. 
082 0 4 |a 818.5 
653 |a Novela de terror 
653 |a Novela juvenil 
653 |a Literatura estadounidense 
653 |a Novela estadounidense 
859 |a CEMS  |b BIB. CEMS - Inicial y Primaria  |h 818.5  |i R36-3  |k IP  |p 2326  |t Ej.1